000 00264nam a2200097Ia 4500
001 641662
005 20250826153511.0
008 250824s9999 xx 000 0 und d
245 0 _aDEFİNE ADASI GENÇLİK KLASİKLERİ
_cROBERT L.STEVENSON
260 _bTİMAŞ ÇOCUK
999 _c641662
_d641662